000 00987nam a22002891a 4500
001 2207564
005 20110718131438.0
008 700323r19701937nyuab 001 0 eng
010 _a74100271
020 _a0837128625
035 _9(DLC) 74100271
040 _aDLC
_cDLC
_dDLC
050 0 0 _aDT135.M6
_bN3 1970
082 0 0 _aDT 135.M6N3 1970
100 1 _aNalder, Leonard Fielding,
_d1888-
_eed.
245 1 2 _aA tribal survey of Mongalla province by members of the province staff and Church Missionary Society.
_cEdited by L. F. Nalder.
_h[Text]
260 _aNew York
_bNegro Universities Press
_c[1970]
300 _aviii, 232 p. illus., map. 23 cm.
500 _aReprint of the 1937 ed.
650 0 _aEthnology
_zSudan.
650 0 _aFolklore
_zSudan.
651 0 _aMongalla (Province)
651 0 _aSudan
_xLanguages.
710 2 _aChurch Missionary Society
906 _a7
_bcbc
_corignew
_du
_encip
_f19
_gy-gencatlg
991 _bc-GenColl
_hDT135.M6
_iN3 1970
_tCopy 1
_wBOOKS
999 _c33353
_d33353